000 00699nam a2200277Ia 4500
005 20260324130554.0
008 008 260324s9999 xx 000 0 eng d
020 _a9781315249612
037 _aEBOOK
040 _aCRL
040 _beng
040 _cCRL
041 _2eng
041 _aeng
084 _qCRL
100 _aMartin Hart-Landsberg; Seongjin Jeong; Westra Richard
_91182280
245 0 _aMarxist Perspectives on South Korea in the Global Economy
260 _bTaylor and Francis
260 _c2007
365 _a
365 _b240
856 _uhttp://www.taylorfrancis.com/books/9781315249612
942 _cEBOOK
999 _c1778572
_d1778572